000 00988cab a2200253 4500
001 L136431
008 070131n2006 000 0 eng u
035 _a(Sirsi) u136431
041 0 _aeng
100 1 _aLevy, James
245 0 0 _aWill they ever learn?
260 _c2006
490 0 _aNew Law Journal
_v156(7247) 3 November 2006, 1671-1673(3)
520 _aDiscusses how cases continue to emerge where expert witnesses forget their overriding duties in cases where there is a conflict of interest. Discusses new court guidance on conflicts of interest and disclosure and how courts can be assured of an expert's independence.
590 _aKA
650 2 4 _aTOTH V JARMAN
650 2 4 _aNATIONAL JUSTICE COMPANIA V PRUDENTIAL ASSURANCE CO LTD
650 2 4 _aSTEVENS V GULLIS AND PILE (THIRD PARTY)
650 2 4 _aPHILLIPS V SYMES
650 2 4 _aFIELD V LEEDS CC
651 4 _aUnited Kingdom
_y
690 _aMANAGEMENT-BUSINESS MANAGEMENT-PROFESSIONAL PRACTICE
942 _n0
999 _c78287
_d78287